|
|
|
|
| LEADER |
02064nam a2200469 i 4500 |
| 001 |
EBC1918200 |
| 003 |
MiAaPQ |
| 005 |
20200520144314.0 |
| 006 |
m o d | |
| 007 |
cr cnu|||||||| |
| 008 |
150304t20112011gw ob 000 0 ger d |
| 020 |
|
|
|z 9783837619881
|
| 020 |
|
|
|a 9783839419885 (e-book)
|
| 035 |
|
|
|a (MiAaPQ)EBC1918200
|
| 035 |
|
|
|a (Au-PeEL)EBL1918200
|
| 035 |
|
|
|a (CaPaEBR)ebr11016514
|
| 035 |
|
|
|a (CaONFJC)MIL631153
|
| 035 |
|
|
|a (OCoLC)900345584
|
| 040 |
|
|
|a MiAaPQ
|b eng
|e rda
|e pn
|c MiAaPQ
|d MiAaPQ
|
| 050 |
|
4 |
|a HM621
|b .R433 2011
|
| 082 |
0 |
|
|a 306
|2 23
|
| 100 |
1 |
|
|a Reddeker, Sebastian,
|e author.
|
| 245 |
1 |
0 |
|a Werbung und identitat im multikulturellen Raum :
|b Der Werbediskurs in Luxemburg : Ein kommunikationswissenschaftlicher Beitrag /
|c Sebastian Reddeker.
|
| 264 |
|
1 |
|a Bielefeld, [Germany] :
|b transcript,
|c 2011.
|
| 264 |
|
4 |
|c 2011
|
| 300 |
|
|
|a 1 online resource (325 pages).
|
| 336 |
|
|
|a text
|2 rdacontent
|
| 337 |
|
|
|a computer
|2 rdamedia
|
| 338 |
|
|
|a online resource
|2 rdacarrier
|
| 490 |
1 |
|
|a Literalitat und Liminalitat ;
|v Band 18
|
| 504 |
|
|
|a Includes bibliographical references.
|
| 588 |
|
|
|a Description based on online resource; title from PDF title page (ebrary, viewed March 3, 2015).
|
| 590 |
|
|
|a Electronic reproduction. Ann Arbor, MI : ProQuest, 2015. Available via World Wide Web. Access may be limited to ProQuest affiliated libraries.
|
| 650 |
|
0 |
|a Culture.
|
| 650 |
|
0 |
|a Language and languages
|x Variation.
|
| 650 |
|
0 |
|a Multicultural education.
|
| 650 |
|
0 |
|a Multilingualism.
|
| 655 |
|
4 |
|a Electronic books.
|
| 776 |
0 |
8 |
|i Print version:
|a Reddeker, Sebastian.
|t Werbung und identitat im multikulturellen Raum : Der Werbediskurs in Luxemburg : Ein kommunikationswissenschaftlicher Beitrag.
|d Bielefeld, [Germany] : transcript, c2011
|h 320 pages
|k Literalitat und Liminalitat ; Band 18.
|z 9783837619881
|
| 797 |
2 |
|
|a ProQuest (Firm)
|
| 830 |
|
0 |
|a Literalitat und Liminalitat ;
|v Band 18.
|
| 856 |
4 |
0 |
|u https://ebookcentral.proquest.com/lib/matrademy/detail.action?docID=1918200
|z Click to View
|